{"text_format":"3","workbook":"xlsx","n_sheets":3,"sheets":["第一批","Sheet2","Sheet3"],"read":"whole","date_system":"1900"}

{"sheet":"第一批","index":0,"n_rows":17,"n_cols":6,"rows_kept":17,"merged":[[0,0,0,5]]}
["2025年荣昌区中医院医疗设备采购明细表（第一批）"]
["序号","采购项目","单位","数量","预算单价（万元）","预算总价（万元）"]
[1,"血透机","台",13,15,195]
[2,"血液透析滤过机","台",5,22,110]
[3,"医用病床","台",150,0.25,37.5]
[4,"医用病床","台",200,0.25,50]
[5,"磁共振专用乳腺线圈","台",1,55,55]
[6,"脉动真空压力蒸汽灭菌器","台",1,42,42]
[7,"全自动清洗消毒器","台",1,38,38]
[8,"床头柜","台",100,0.05,5]
[9,"数字化血压计","台",2,2,4]
[10,"数字化身高体重计","台",2,1,2]
[11,"升降检查床","台",2,0.5,1]
[12,"碳13幽门螺杆菌检测仪","台",1,1,1]
[13,"床旁血液净化系统（CRRT）","台",1,40,40]
[14,"彩超","台",1,75,75]
[null,"合计",{"$nulls":3},{"$f":"SUM(F3:F16)","v":655.5}]

{"sheet":"Sheet2","index":1,"n_rows":0,"n_cols":0,"rows_kept":0}

{"sheet":"Sheet3","index":2,"n_rows":0,"n_cols":0,"rows_kept":0}